000 00435nam a2200133 4500
999 _c6788
_d6788
008 170427b xxu||||| |||| 00| 0 eng d
022 _a10422587
082 _22015
_aDPer 658.405
_bEn86
245 _aEntrepreneurship:
_btheory and practice.
260 _aHoboken, NJ:
_bWiley Subscription Services, Inc.,
_cc2015.
300 _avarious paging:
_billustrations;
_c25 cm.
650 0 _920564
_aEntrepreneurship
_xPeriodicals
942 _2ddc
_cPER